[Event "LSS No Engine Cup 186 Final"]
[Site "LSS email"]
[Date "2019.10.27"]
[Round "?"]
[White "Filak, Ryszard"]
[Black "Hatsek, Werner"]
[Result "0-1"]
[WhiteElo "1600"]
[BlackElo "2240"]
[PlyCount "50"]
[EventDate "2019.10.27"]
[EventType "tourn (corr)"]
[EventRounds "6"]
[EventCountry "GER"]
[SourceTitle "Corr 2022"]
[Source "ChessBase"]
[SourceDate "2021.10.24"]
[SourceVersion "1"]
[SourceVersionDate "2021.10.24"]
[SourceQuality "1"]

1. d4 Nf6 2. c4 e6 3. Nc3 Bb4 4. e3 0-0 5. Nf3 Bxc3+ 6. bxc3 d6 7. Bd3 Re8 8. e4 e5 9. 0-0 Nc6 10. d5 Na5 11. h3 b6 12. Bg5 h6 13. Bh4 Nb7 14. Rb1 Nc5 15. Re1 g5 16. Bg3 Nh5 17. Bh2 g4 18. hxg4 Bxg4 19. Bc2 Kh7 20. Re3 Rg8 21. Qf1 Qf6 22. Kh1 Rg6 23. Nd2 Nf4 24. Nb3 Rag8 25. Nxc5 Be2 0-1

[Event "LSS No Engine Cup 186 Final"]
[Site "LSS email"]
[Date "2019.10.27"]
[Round "?"]
[White "Filak, Ryszard"]
[Black "Littlewood, Richard"]
[Result "1-0"]
[WhiteElo "1600"]
[BlackElo "1628"]
[PlyCount "47"]
[EventDate "2019.10.27"]
[EventType "tourn (corr)"]
[EventRounds "6"]
[EventCountry "GER"]
[SourceTitle "Corr 2022"]
[Source "ChessBase"]
[SourceDate "2021.10.24"]
[SourceVersion "1"]
[SourceVersionDate "2021.10.24"]
[SourceQuality "1"]

1. e4 c5 2. Nf3 Nc6 3. Bb5 Qc7 4. 0-0 a6 5. Bxc6 Qxc6 6. Nc3 e6 7. d4 cxd4 8. Nxd4 Qc7 9. Re1 Be7 10. Qf3 b5 11. Bf4 d6 12. Qg3 Kf8 13. e5 d5 14. Nxd5 exd5 15. e6 Qb7 16. Nf5 g6 17. Nxe7 Bxe6 18. Qc3 Kxe7 19. Rxe6+ Kxe6 20. Qe5+ Kd7 21. Qd6+ Ke8 22. Re1+ Ne7 23. Bg5 Ra7 24. Bxe7 1-0

[Event "LSS No Engine Cup 186 Final"]
[Site "LSS email"]
[Date "2019.10.27"]
[Round "?"]
[White "Svrsek Jr, Radomir"]
[Black "Filak, Ryszard"]
[Result "1/2-1/2"]
[WhiteElo "1862"]
[BlackElo "1600"]
[PlyCount "52"]
[EventDate "2019.10.27"]
[EventType "tourn (corr)"]
[EventRounds "6"]
[EventCountry "GER"]
[SourceTitle "Corr 2022"]
[Source "ChessBase"]
[SourceDate "2021.10.24"]
[SourceVersion "1"]
[SourceVersionDate "2021.10.24"]
[SourceQuality "1"]

1. e4 c5 2. Nf3 d6 3. d4 cxd4 4. Nxd4 Nf6 5. Nc3 a6 6. Be2 e5 7. Nf3 Be7 8. 0-0 0-0 9. Bg5 Nbd7 10. a4 h6 11. Bxf6 Nxf6 12. Bc4 Bd7 13. Qd3 Rc8 14. Nd5 Bg4 15. b3 Rc5 16. Rfd1 Nxd5 17. Bxd5 Qb6 18. c4 a5 19. Qc3 Bd7 20. h3 Rc7 21. Nh2 g6 22. Rd3 Kh7 23. Nf1 f5 24. exf5 Bxf5 25. Rdd1 Bf6 26. Qe3 Qb4 1/2-1/2

[Event "RB-2019-0-00376"]
[Site "LSS email"]
[Date "2019.09.15"]
[Round "?"]
[White "Ederer, Karel"]
[Black "Filak, Ryszard"]
[Result "0-1"]
[WhiteElo "1977"]
[BlackElo "1985"]
[PlyCount "66"]
[EventDate "2019.06.18"]
[EventType "tourn (corr)"]
[EventRounds "6"]
[EventCountry "GER"]
[SourceTitle "Corr 2022"]
[Source "ChessBase"]
[SourceDate "2021.10.24"]
[SourceVersion "1"]
[SourceVersionDate "2021.10.24"]
[SourceQuality "1"]

1. e4 e5 2. Nf3 Nc6 3. Bb5 Nf6 4. d3 d6 5. 0-0 a6 6. Ba4 b5 7. Bb3 Na5 8. Bd2 Nxb3 9. axb3 Be7 10. Re1 0-0 11. Nc3 Bb7 12. Ne2 Nh5 13. Nc3 Nf6 14. Ne2 Re8 15. c4 c5 16. Ng3 g6 17. Nf1 b4 18. Ne3 Bf8 19. h3 h6 20. Nh2 Kh7 21. Nhg4 Nd7 22. Qf3 Bg7 23. Nd5 Rf8 24. Bc1 Ra7 25. Bd2 a5 26. Nge3 Nb8 27. Qd1 Nc6 28. Bc1 f5 29. Nf1 f4 30. Nd2 Bc8 31. Nf3 h5 32. Bd2 g5 33. Nh2 g4 0-1

[Event "RA-2019-0-00628"]
[Site "LSS email"]
[Date "2019.07.14"]
[Round "?"]
[White "Filak, Ryszard"]
[Black "Kudr, Roman"]
[Result "1/2-1/2"]
[WhiteElo "1985"]
[BlackElo "2319"]
[PlyCount "56"]
[EventDate "2019.05.15"]
[EventType "tourn (corr)"]
[EventRounds "6"]
[EventCountry "GER"]
[SourceTitle "Corr 2022"]
[Source "ChessBase"]
[SourceDate "2021.10.24"]
[SourceVersion "1"]
[SourceVersionDate "2021.10.24"]
[SourceQuality "1"]

1. e4 e5 2. Nf3 Nc6 3. Bb5 Nge7 4. 0-0 g6 5. d3 Bg7 6. Nbd2 0-0 7. c3 d6 8. Re1 h6 9. a4 Kh7 10. Bc4 a5 11. Nf1 f5 12. h3 Qe8 13. Ne3 Bd7 14. Nd5 Nxd5 15. Bxd5 f4 16. Bc4 g5 17. d4 Qg6 18. Be2 h5 19. d5 Nb8 20. Nh2 Kh6 21. c4 Bf6 22. Bd2 Na6 23. Ra3 Nb4 24. Qb1 c5 25. g4 hxg4 26. Bxg4 Bxg4 27. Nxg4+ Kg7 28. Kg2 Rh8 1/2-1/2

[Event "RA-2019-0-00628"]
[Site "LSS email"]
[Date "2019.07.12"]
[Round "?"]
[White "Filak, Ryszard"]
[Black "Sorcinelli, Andrea"]
[Result "1/2-1/2"]
[WhiteElo "1985"]
[BlackElo "2090"]
[PlyCount "40"]
[EventDate "2019.05.15"]
[EventType "tourn (corr)"]
[EventRounds "6"]
[EventCountry "GER"]
[SourceTitle "Corr 2022"]
[Source "ChessBase"]
[SourceDate "2021.10.24"]
[SourceVersion "1"]
[SourceVersionDate "2021.10.24"]
[SourceQuality "1"]

1. d4 Nf6 2. c4 e6 3. Nc3 Bb4 4. e3 0-0 5. Bd3 d5 6. Nf3 c5 7. 0-0 dxc4 8. Bxc4 cxd4 9. exd4 b6 10. Qe2 Bb7 11. Bg5 Nbd7 12. Rac1 Rc8 13. Rfd1 Bxc3 14. Rxc3 h6 15. Bh4 Bd5 16. Bb3 Rc7 17. Ne5 Qc8 18. Rxc7 Qxc7 19. Nxd7 Nxd7 20. Bxd5 exd5 1/2-1/2

[Event "RA-2019-0-00628"]
[Site "LSS email"]
[Date "2019.07.12"]
[Round "?"]
[White "Van Bommel, Ton"]
[Black "Filak, Ryszard"]
[Result "1/2-1/2"]
[WhiteElo "2071"]
[BlackElo "1985"]
[PlyCount "62"]
[EventDate "2019.05.15"]
[EventType "tourn (corr)"]
[EventRounds "6"]
[EventCountry "GER"]
[SourceTitle "Corr 2022"]
[Source "ChessBase"]
[SourceDate "2021.10.24"]
[SourceVersion "1"]
[SourceVersionDate "2021.10.24"]
[SourceQuality "1"]

1. e4 e5 2. Nf3 Nc6 3. Bc4 Bc5 4. 0-0 Nf6 5. d3 h6 6. c3 d6 7. Re1 a5 8. Bb5 0-0 9. Nbd2 Bb6 10. h3 Ne7 11. d4 c6 12. Bd3 Ng6 13. Nf1 a4 14. Ng3 c5 15. dxe5 dxe5 16. Qe2 Be6 17. Bc4 Qd7 18. Be3 Bxc4 19. Qxc4 Qc6 20. Rad1 Rfd8 21. h4 Rxd1 22. Rxd1 Re8 23. Nf5 Bc7 24. Nd2 Nf4 25. Qxc5 Qxc5 26. Bxc5 Nd3 27. b4 Nxc5 28. bxc5 Rd8 29. Ne3 Rd3 30. Kf1 Rxc3 31. Ndc4 Ng4 1/2-1/2

[Event "SB-2016-0-00472"]
[Site "LSS email"]
[Date "2016.11.10"]
[Round "?"]
[White "Filak, Ryszard"]
[Black "Knoeppel, Bjoern"]
[Result "0-1"]
[WhiteElo "2003"]
[BlackElo "1936"]
[PlyCount "94"]
[EventDate "2016.10.11"]
[EventType "tourn (corr)"]
[EventRounds "6"]
[EventCountry "GER"]
[SourceTitle "Corr 2022"]
[Source "ChessBase"]
[SourceDate "2021.10.24"]
[SourceVersion "1"]
[SourceVersionDate "2021.10.24"]
[SourceQuality "1"]

1. e4 Nc6 2. d4 d5 3. e5 Bf5 4. c3 f6 5. f4 Qd7 6. Nf3 e6 7. Be2 Nh6 8. Nbd2 Be7 9. 0-0 fxe5 10. fxe5 0-0 11. Nb3 a6 12. Bxh6 gxh6 13. Qd2 Kg7 14. Rf2 Qe8 15. Raf1 Qg6 16. Nc1 Kh8 17. Nd3 Rac8 18. Nf4 Qg8 19. Qe3 Nb8 20. c4 dxc4 21. Bxc4 b5 22. Bd3 c5 23. Bxf5 Rxf5 24. Qe4 Nc6 25. Nxe6 Qxe6 26. d5 Rxe5 27. Qxe5+ Qxe5 28. Nxe5 Nxe5 29. Re2 Ng6 30. Rf7 Rd8 31. Rexe7 Nxe7 32. Rxe7 Rxd5 33. Re2 Kg7 34. Kf2 Kf6 35. Rc2 c4 36. Ke1 h5 37. b3 cxb3 38. axb3 Ke5 39. Rc6 a5 40. Ra6 Kd4 41. Kd2 Rf5 42. Rxa5 h4 43. g4 hxg3 44. hxg3 Rh5 45. Kc2 Rh2+ 46. Kd1 Kd3 47. Ke1 b4 0-1

[Event "SB-2016-0-00463"]
[Site "LSS email"]
[Date "2016.09.05"]
[Round "?"]
[White "Filak, Ryszard"]
[Black "Pilgram, Kurt"]
[Result "1/2-1/2"]
[WhiteElo "2002"]
[BlackElo "2012"]
[PlyCount "65"]
[EventDate "2016.08.10"]
[EventType "tourn (corr)"]
[EventRounds "6"]
[EventCountry "GER"]
[SourceTitle "Corr 2022"]
[Source "ChessBase"]
[SourceDate "2021.10.24"]
[SourceVersion "1"]
[SourceVersionDate "2021.10.24"]
[SourceQuality "1"]

1. d4 Nf6 2. c4 c6 3. Nc3 d6 4. Nf3 Bg4 5. e4 Nbd7 6. Be2 e5 7. Be3 Be7 8. 0-0 0-0 9. h3 Bxf3 10. Bxf3 exd4 11. Qxd4 Re8 12. Be2 a5 13. Rfd1 Nc5 14. Rab1 g6 15. Bf1 Qc7 16. b3 Rad8 17. g4 Nfd7 18. Qd2 Bf6 19. f3 Ne5 20. Bg2 Qe7 21. Qc2 g5 22. Ne2 Ng6 23. Ng3 Be5 24. Nf5 Qf6 25. Qd2 Nf4 26. Bf1 Nce6 27. Qxa5 Ng7 28. Qe1 h5 29. Qf2 hxg4 30. fxg4 Nxf5 31. exf5 d5 32. cxd5 cxd5 33. Bxf4 1/2-1/2

[Event "RB-2016-0-00314"]
[Site "LSS email"]
[Date "2016.04.09"]
[Round "?"]
[White "Hoehne, Volkmar"]
[Black "Filak, Ryszard"]
[Result "1/2-1/2"]
[WhiteElo "1869"]
[BlackElo "1982"]
[PlyCount "78"]
[EventDate "2016.02.08"]
[EventType "tourn (corr)"]
[EventRounds "6"]
[EventCountry "GER"]
[SourceTitle "Corr 2022"]
[Source "ChessBase"]
[SourceDate "2021.10.24"]
[SourceVersion "1"]
[SourceVersionDate "2021.10.24"]
[SourceQuality "1"]

1. e4 c5 2. Nf3 d6 3. d4 cxd4 4. Nxd4 Nf6 5. Nc3 a6 6. Bg5 Nbd7 7. Qe2 b5 8. f4 e5 9. fxe5 dxe5 10. 0-0-0 Qb6 11. Nd5 Nxd5 12. exd5 Qg6 13. h4 Bc5 14. Nc6 0-0 15. Ne7+ Bxe7 16. Bxe7 Re8 17. d6 Bb7 18. Kb1 Qe6 19. Rh2 Nb6 20. g3 f5 21. Bh3 Nd5 22. Qf3 e4 23. Bxf5 Qxe7 24. Bxh7+ Kh8 25. Qh5 Nf6 26. dxe7 Nxh5 27. Bg6 Rxe7 28. Bxh5 e3 29. Be2 Rf8 30. Kc1 Ree8 31. Rd4 Kg8 32. Kd1 Rd8 33. Rxd8 Rxd8+ 34. Bd3 Bf3+ 35. Ke1 Rd4 36. h5 Rd5 37. h6 Rg5 38. Be2 Be4 39. g4 Bxc2 1/2-1/2

[Event "RB-2015-0-00302"]
[Site "LSS email"]
[Date "2015.12.06"]
[Round "?"]
[White "Filak, Ryszard"]
[Black "Benassi, Aspasio"]
[Result "1-0"]
[WhiteElo "1979"]
[BlackElo "2107"]
[PlyCount "87"]
[EventDate "2015.10.29"]
[EventType "tourn (corr)"]
[EventRounds "6"]
[EventCountry "GER"]
[SourceTitle "Corr 2022"]
[Source "ChessBase"]
[SourceDate "2021.10.24"]
[SourceVersion "1"]
[SourceVersionDate "2021.10.24"]
[SourceQuality "1"]

1. e4 c5 2. Nf3 d6 3. d4 cxd4 4. Nxd4 e5 5. Bb5+ Nc6 6. Nxc6 bxc6 7. Bxc6+ Bd7 8. Bxa8 Qxa8 9. Nc3 Nf6 10. f3 h6 11. Nd5 Nxd5 12. Qxd5 Bc6 13. Qa5 Be7 14. Be3 a6 15. 0-0 Qb7 16. b3 0-0 17. Qb6 Qc8 18. Rad1 f5 19. exf5 Rxf5 20. c4 Rf6 21. Bf2 Bd8 22. Qe3 Re6 23. Qc3 Kh7 24. Rfe1 Kh8 25. c5 d5 26. b4 Qd7 27. Qa3 Bf6 28. Qxa6 d4 29. Qd3 Re7 30. Bg3 Bb5 31. Qb1 Re8 32. Qg6 Ba4 33. Rd2 Qd5 34. Qd3 Qd7 35. f4 exf4 36. Rxe8+ Qxe8 37. Bxf4 Bb5 38. Qg3 Qe4 39. Rd1 d3 40. Bd2 Bc6 41. b5 Bxb5 42. Qb8+ Qe8 43. Qxe8+ Bxe8 44. Be3 1-0

[Event "SB-2015-0-00433"]
[Site "LSS email"]
[Date "2015.12.06"]
[Round "?"]
[White "Filak, Ryszard"]
[Black "Van Bommel, Ton"]
[Result "1/2-1/2"]
[WhiteElo "1991"]
[BlackElo "1957"]
[PlyCount "47"]
[EventDate "2015.11.07"]
[EventType "tourn (corr)"]
[EventRounds "6"]
[EventCountry "GER"]
[SourceTitle "Corr 2022"]
[Source "ChessBase"]
[SourceDate "2021.10.24"]
[SourceVersion "1"]
[SourceVersionDate "2021.10.24"]
[SourceQuality "1"]

1. e4 d5 2. exd5 Qxd5 3. Nc3 Qa5 4. d4 Nf6 5. Nf3 c6 6. Be2 Bf5 7. Nh4 Bg6 8. 0-0 e6 9. Nxg6 hxg6 10. Bf4 Nh5 11. Bd2 Qd8 12. Be3 Nf6 13. Bf3 Be7 14. h3 Qc7 15. Ne2 Nbd7 16. c3 0-0 17. Re1 Rfe8 18. Qc2 Rad8 19. Rad1 Nd5 20. Bd2 c5 21. c4 cxd4 22. Nxd4 Nb4 23. Qb3 a5 24. Nb5 1/2-1/2

[Event "CP-2015-P-00037"]
[Site "LSS email"]
[Date "2015.09.28"]
[Round "?"]
[White "Filak, Ryszard"]
[Black "Herzog, Klaus"]
[Result "1/2-1/2"]
[WhiteElo "1976"]
[BlackElo "1757"]
[PlyCount "24"]
[EventDate "2015.10.01"]
[EventType "tourn (corr)"]
[EventRounds "6"]
[EventCountry "GER"]
[SourceTitle "Corr 2022"]
[Source "ChessBase"]
[SourceDate "2021.10.24"]
[SourceVersion "1"]
[SourceVersionDate "2021.10.24"]
[SourceQuality "1"]

1. e4 e5 2. Nf3 Nc6 3. Bb5 Nf6 4. Nc3 Nd4 5. Nxd4 exd4 6. e5 dxc3 7. exf6 Qxf6 8. dxc3 Bc5 9. Qe2+ Qe6 10. Qxe6+ fxe6 11. 0-0 0-0 12. Be3 Bxe3 1/2-1/2

[Event "CP-2015-P-00037"]
[Site "LSS email"]
[Date "2015.09.28"]
[Round "?"]
[White "Filak, Ryszard"]
[Black "Mudra, Oldrich"]
[Result "1/2-1/2"]
[WhiteElo "1976"]
[BlackElo "2122"]
[PlyCount "51"]
[EventDate "2015.10.01"]
[EventType "tourn (corr)"]
[EventRounds "6"]
[EventCountry "GER"]
[SourceTitle "Corr 2022"]
[Source "ChessBase"]
[SourceDate "2021.10.24"]
[SourceVersion "1"]
[SourceVersionDate "2021.10.24"]
[SourceQuality "1"]

1. d4 Nf6 2. c4 e6 3. Nc3 Bb4 4. Nf3 d5 5. e3 0-0 6. Bd3 c5 7. 0-0 dxc4 8. Bxc4 Qe7 9. a3 Ba5 10. Qc2 Bd7 11. Ne4 cxd4 12. exd4 Rc8 13. Nxf6+ Qxf6 14. Bg5 Qg6 15. Qxg6 hxg6 16. Rac1 Bc6 17. d5 exd5 18. Bxd5 Re8 19. Rfd1 Bxd5 20. Rxd5 Bb6 21. Bd8 Nd7 22. Bc7 Re7 23. Bxb6 Nxb6 24. Rd4 f6 25. h4 Kf8 26. Kf1 1/2-1/2

[Event "CP-2015-P-00037"]
[Site "LSS email"]
[Date "2015.09.28"]
[Round "?"]
[White "Filak, Ryszard"]
[Black "Rivas Maceda, Juan"]
[Result "0-1"]
[WhiteElo "1976"]
[BlackElo "2156"]
[PlyCount "94"]
[EventDate "2015.10.01"]
[EventType "tourn (corr)"]
[EventRounds "6"]
[EventCountry "GER"]
[SourceTitle "Corr 2022"]
[Source "ChessBase"]
[SourceDate "2021.10.24"]
[SourceVersion "1"]
[SourceVersionDate "2021.10.24"]
[SourceQuality "1"]

1. e4 e5 2. Nf3 Nc6 3. Bb5 a6 4. Ba4 Nf6 5. 0-0 Be7 6. Re1 b5 7. Bb3 0-0 8. c3 d5 9. exd5 Nxd5 10. Nxe5 Nxe5 11. Rxe5 c6 12. Re1 Bd6 13. d4 Qh4 14. g3 Qh3 15. Bxd5 cxd5 16. Qf3 Bf5 17. Qxd5 Rae8 18. Bd2 Bf4 19. Rxe8 Rxe8 20. Qc6 Bd7 21. Qf3 Bg5 22. c4 h6 23. Be3 Bf5 24. Nd2 Bg4 25. Qg2 Rxe3 26. fxe3 Bxe3+ 27. Kh1 Qxg2+ 28. Kxg2 Bxd2 29. c5 Be6 30. Kf2 Bd5 31. a4 b4 32. h4 b3 33. Ke2 Ba5 34. Kd3 Kf8 35. Rc1 Ke7 36. g4 Kd7 37. h5 Bd8 38. Rg1 Be6 39. Rf1 Bg5 40. Ke4 Kc6 41. Rg1 Bf6 42. Rg3 Bc4 43. Rg1 Bh4 44. Rc1 Bd5+ 45. Kd3 Be6 46. Rf1 Kd5 47. Rf4 Bf6 0-1

[Event "BI-2015-P-0000"]
[Site "LSS email"]
[Date "2015.04.16"]
[Round "?"]
[White "Filak, Ryszard"]
[Black "Aberg, Lars Erik"]
[Result "1/2-1/2"]
[WhiteElo "1798"]
[BlackElo "2073"]
[PlyCount "90"]
[EventDate "2015.04.22"]
[EventType "tourn (corr)"]
[EventRounds "10"]
[EventCountry "GER"]
[SourceTitle "Corr 2022"]
[Source "ChessBase"]
[SourceDate "2021.10.24"]
[SourceVersion "1"]
[SourceVersionDate "2021.10.24"]
[SourceQuality "1"]

1. e4 c6 2. d4 d5 3. e5 Bf5 4. Nf3 e6 5. Be2 Ne7 6. 0-0 Nd7 7. Nc3 Bg6 8. a3 Nf5 9. Bd3 c5 10. Bg5 Be7 11. Bxe7 Nxe7 12. Bxg6 Nxg6 13. Re1 0-0 14. Ne2 cxd4 15. Nexd4 Rc8 16. Qe2 a6 17. Rac1 Nb6 18. g3 Nc4 19. c3 Qb6 20. Rb1 h6 21. a4 Rc7 22. Qd1 Rd8 23. Re2 Ne7 24. b3 Na5 25. Re3 Rdc8 26. Qe1 Nac6 27. Kg2 Nxd4 28. Nxd4 Rc5 29. Rc1 Nc6 30. Rd1 Qc7 31. Rd2 b6 32. Rdd3 b5 33. axb5 axb5 34. Nxc6 Qxc6 35. Rf3 Qa8 36. Qe3 R5c7 37. g4 b4 38. cxb4 Rc1 39. Qd4 R8c7 40. Rd1 Rxd1 41. Qxd1 Qb8 42. Qd2 Rb7 43. g5 h5 44. Qf4 g6 45. Qf6 Qc7 1/2-1/2

[Event "BI-2015-P-0000"]
[Site "LSS email"]
[Date "2015.04.16"]
[Round "?"]
[White "Filak, Ryszard"]
[Black "Obrien, Glenn"]
[Result "1-0"]
[WhiteElo "1798"]
[BlackElo "1353"]
[PlyCount "89"]
[EventDate "2015.04.22"]
[EventType "tourn (corr)"]
[EventRounds "10"]
[EventCountry "GER"]
[SourceTitle "Corr 2022"]
[Source "ChessBase"]
[SourceDate "2021.10.24"]
[SourceVersion "1"]
[SourceVersionDate "2021.10.24"]
[SourceQuality "1"]

1. d4 Nf6 2. c4 e6 3. Nf3 b6 4. g3 Ba6 5. b3 Bb4+ 6. Bd2 Be7 7. Bg2 c6 8. 0-0 d5 9. Ne5 0-0 10. Bc3 Nfd7 11. Nxd7 Nxd7 12. Nd2 Rc8 13. e4 b5 14. Re1 dxc4 15. bxc4 bxc4 16. Qa4 Bb5 17. Qc2 Re8 18. a4 Ba6 19. Rab1 Rb8 20. Rxb8 Qxb8 21. Rd1 Rd8 22. Ba1 Nb6 23. a5 Nd7 24. Nxc4 Qc7 25. Rb1 c5 26. Ne3 Qxa5 27. Bc3 Qc7 28. d5 Bf6 29. dxe6 fxe6 30. Qa2 Bxc3 31. Qxe6+ Kh8 32. Qxa6 Nb6 33. Nd5 Nxd5 34. exd5 Bd4 35. Rb7 Qe5 36. Qe6 Qh5 37. Rf7 Qd1+ 38. Bf1 c4 39. d6 c3 40. d7 h5 41. Qe8+ Kh7 42. Rf5 Bxf2+ 43. Kg2 Be3 44. Rxh5+ Bh6 45. Qxd8 1-0

[Event "BI-2015-P-0000"]
[Site "LSS email"]
[Date "2015.04.16"]
[Round "?"]
[White "Filak, Ryszard"]
[Black "Schmitz, Martin"]
[Result "1-0"]
[WhiteElo "1798"]
[BlackElo "2044"]
[PlyCount "63"]
[EventDate "2015.04.22"]
[EventType "tourn (corr)"]
[EventRounds "10"]
[EventCountry "GER"]
[SourceTitle "Corr 2022"]
[Source "ChessBase"]
[SourceDate "2021.10.24"]
[SourceVersion "1"]
[SourceVersionDate "2021.10.24"]
[SourceQuality "1"]

1. d4 Nf6 2. Nf3 e6 3. c4 Bb4+ 4. Nbd2 0-0 5. a3 Be7 6. e4 d5 7. e5 Nfd7 8. b4 a5 9. b5 c5 10. Bd3 cxd4 11. cxd5 exd5 12. Nb3 a4 13. Nbxd4 Nc5 14. 0-0 Nbd7 15. Bb1 Ne4 16. Bb2 Ndc5 17. Nd2 Qb6 18. Qe2 Nxd2 19. Qxd2 Bd7 20. Rd1 Rfd8 21. Qe2 Rac8 22. h3 Ne6 23. Nxe6 fxe6 24. Qh5 h6 25. Qg6 Bf8 26. Bc1 Rxc1 27. Qh7+ Kf7 28. Bg6+ Ke7 29. Raxc1 Bxb5 30. Qg8 Be8 31. Bxe8 Rxe8 32. Rc2 1-0

[Event "BI-2015-P-0000"]
[Site "LSS email"]
[Date "2015.04.16"]
[Round "?"]
[White "Rogachev, Vitalij"]
[Black "Filak, Ryszard"]
[Result "0-1"]
[WhiteElo "2199"]
[BlackElo "1798"]
[PlyCount "68"]
[EventDate "2015.04.22"]
[EventType "tourn (corr)"]
[EventRounds "10"]
[EventCountry "GER"]
[SourceTitle "Corr 2022"]
[Source "ChessBase"]
[SourceDate "2021.10.24"]
[SourceVersion "1"]
[SourceVersionDate "2021.10.24"]
[SourceQuality "1"]

1. d4 Nf6 2. c4 e6 3. Nf3 b6 4. g3 Ba6 5. b3 Bb4+ 6. Bd2 Be7 7. Bg2 c6 8. Bc3 d5 9. Nbd2 0-0 10. 0-0 Nbd7 11. Re1 Bb7 12. e4 dxe4 13. Nxe4 Nxe4 14. Rxe4 c5 15. Re2 cxd4 16. Nxd4 Bxg2 17. Kxg2 Qc7 18. Rd2 Rad8 19. Qf3 Bg5 20. Rc2 Nc5 21. h4 Bh6 22. b4 Na4 23. Nc6 Nxc3 24. Rxc3 Rd7 25. Rb1 Qd6 26. c5 bxc5 27. Rxc5 f6 28. a4 e5 29. Ra5 Be3 30. Nxe5 fxe5 31. Qxe3 Rdf7 32. Rb2 Qc6+ 33. Kg1 Rd8 34. Rb1 Rdf8 0-1

[Event "BI-2015-P-0000"]
[Site "LSS email"]
[Date "2015.04.16"]
[Round "?"]
[White "Vio, Mauro"]
[Black "Filak, Ryszard"]
[Result "0-1"]
[WhiteElo "1461"]
[BlackElo "1798"]
[PlyCount "50"]
[EventDate "2015.04.22"]
[EventType "tourn (corr)"]
[EventRounds "10"]
[EventCountry "GER"]
[SourceTitle "Corr 2022"]
[Source "ChessBase"]
[SourceDate "2021.10.24"]
[SourceVersion "1"]
[SourceVersionDate "2021.10.24"]
[SourceQuality "1"]

1. Nf3 Nf6 2. Nc3 d5 3. d4 e6 4. e3 c5 5. Bb5+ Bd7 6. Bxd7+ Nbxd7 7. 0-0 Bd6 8. Nb5 Be7 9. dxc5 Nxc5 10. Nfd4 0-0 11. Nc3 a6 12. Qf3 Rc8 13. Rd1 Qc7 14. Qh3 Nce4 15. Nxe4 Nxe4 16. f3 Nd6 17. Qh5 Bf6 18. c3 Rfd8 19. Qg4 Qb6 20. Qh5 e5 21. Nc2 d4 22. exd4 Nc4 23. b3 exd4 24. bxc4 d3+ 25. Ne3 Bxc3 0-1